Contemporary Korean painting.

Bibliographic Details
Corporate Author: Kungnip Hyŏndae Misulgwan
Format: Book
Language:English
Published: Berkeley : Asian Humanities Press, 1979.
Subjects:

MARC

Tag First Indicator Second Indicator Subfields
LEADER 00000cam a2200000 i 4500
001 in00000093639
005 20150927070203.0
008 791220s1979 caua c 00000 eng
010 |a  79122418  
020 |a 0895810263 
035 |a (OCoLC)05943388 
035 |9 AAL5487AM 
040 |a DLC  |c DLC  |d TXA  |d UtOrBLW 
043 |a a-ko--- 
049 |a TXAM  |c [1159489] 
050 0 0 |a ND1065  |b .C66 
082 0 |a 759.9519/5/074095195 
245 0 0 |a Contemporary Korean painting. 
264 1 |a Berkeley :  |b Asian Humanities Press,  |c 1979. 
300 |a 111 unnumbered pages, 99 pages :  |b chiefly color illustrations ;  |c 32 cm. 
336 |a text  |b txt  |2 rdacontent 
337 |a unmediated  |b n  |2 rdamedia 
338 |a volume  |b nc  |2 rdacarrier 
500 |a Title also in Korean: Han'guk Hyondaehwa. 
500 |a Consists of [111] paintings selected from the Exposition of Contemporary Korean Oriental Painting, 1976, and the Exposition of Western Painting by Contemporary Korean Artists, 1977, held at the National Museum of Modern Art, Seoul. 
650 0 |a Painting, Korean  |y 20th century  |v Catalogs. 
710 2 |a Kungnip Hyŏndae Misulgwan. 
740 0 |a Han'guk Hyondaehwa. 
999 |a MARS 
999 f f |s 6a06e75d-85ef-32cf-a1cd-4012a78cb867  |i e5014e31-6647-36ea-8cba-5d4d0402be2b  |t 0 
952 f f |p normal  |a Texas A&M University  |b College Station  |c Sterling C. Evans Library  |d Evans: Library Stacks  |t 0  |e ND1065 .C66  |h Library of Congress classification  |i unmediated -- volume  |m A14803486765 
998 f f |a ND1065 .C66  |t 0  |l Evans: Library Stacks